Beyond the cross and the switchblade (Record no. 9994)

MARC details
000 -LEADER
fixed length control field 00762pam a2200241 4500
001 - CONTROL NUMBER
control field 788654
003 - CONTROL NUMBER IDENTIFIER
control field GBCCL
005 - DATE AND TIME OF LATEST TRANSACTION
control field 20241126110723.0
008 - FIXED-LENGTH DATA ELEMENTS--GENERAL INFORMATION
fixed length control field 740620s1974 nju 000 0aeng
010 ## -
-- 74012155
020 ## - INTERNATIONAL STANDARD BOOK NUMBER
International Standard Book Number 0912376082
040 ## - CATALOGING SOURCE
Original cataloging agency DLC
Transcribing agency DLC
Modifying agency DLC
050 00 -
-- BV4470
-- .W48
082 00 - DEWEY DECIMAL CLASSIFICATION NUMBER
Classification number 259
Item number WIL
100 1# - MAIN ENTRY--PERSONAL NAME
Personal name Wilkerson, David,
Dates associated with a name 1931-2011.
9 (RLIN) 1605
245 10 - TITLE STATEMENT
Title Beyond the cross and the switchblade
Statement of responsibility, etc. [by] David Wilkerson. Special introd. by John and Elizabeth Sherrill.
260 ## - PUBLICATION, DISTRIBUTION, ETC.
Place of publication, distribution, etc. London :
Name of publisher, distributor, etc. Hodder and Stoughton,
Date of publication, distribution, etc. [1975]
300 ## - PHYSICAL DESCRIPTION
Extent 190 p.
Dimensions 21 cm.
600 10 - SUBJECT ADDED ENTRY--PERSONAL NAME
Personal name Wilkerson, David,
Dates associated with a name 1931-2011.
9 (RLIN) 1605
650 #0 - SUBJECT ADDED ENTRY--TOPICAL TERM
Topical term or geographic name entry element Church work with drug addicts.
9 (RLIN) 9443
906 ## - LOCAL DATA ELEMENT F, LDF (RLIN)
a 7
b cbc
c orignew
d 1
e ocip
f 19
g y-gencatlg
942 ## - ADDED ENTRY ELEMENTS (KOHA)
Source of classification or shelving scheme Dewey Decimal Classification
Koha item type Books
Holdings
Withdrawn status Lost status Source of classification or shelving scheme Damaged status Not for loan Home library Current Library Shelving location Date acquired Total checkouts Full call number Barcode Date last seen Copy number Price effective from Koha item type
    Dewey Decimal Classification     GRACE BIBLE COLLEGE GRACE BIBLE COLLEGE Ministry & Mission 2023-12-11   259 WIL 020682 2025-05-01 c.1 2023-12-11 Books
© Grace Bible College Library 2025